000 00288nam a2200109Ia 4500
008 220204s9999 xx 000 0 und d
082 _a031.105
_bROW
100 _aROWAN, R L
245 0 _aReadings in labour economics and labour relation
260 _aIllinois
_bRichard
_c1976
942 _cBK
999 _c24896
_d24896